Methods of travel - Statistics

General Stats
  • This quiz has been taken 26 times
  • The average score is 9 of 15
Answer Stats
Hint Answer % Correct
Most common way - Steering wheel Car
100%
Pedals, seat, 2 wheels Bicycle
84%
Has many wheels and rails Train
80%
Helps sick people get to hospital Ambulance
76%
Just type in TRUCK! Truck quiz coming soon! Truck
76%
This holds many people and goes on roads Bus
72%
Goes to space - Has thrusters Rocket
72%
Holds many kids, to get to school School bus
72%
Has a wing, (many people think there’s 2) Airplane
68%
Also 2 wheels but has an engine Motorbike
68%
Pedals, 3 wheels instead tho Tricycle
56%
Has 2 wheels, use your foot to go forward Scooter
48%
2 wheels, it goes on its own, but no handle Hoverboard
12%
In India these are 3 wheeled noisy vehicles Auto rickshaw
4%
It goes up like a balloon Parachute
0%
No matching quizzes found
Score Distribution
Percent of People with Each Score
Percentile by Number Answered
Your Score History
You have not taken this quiz